000 00835nam a2200241 4500
001 124730
003 ES-MaACL
005 20251115063302.0
007 t|
008 070418s1921 sp ||||1| spa d
080 _a821.134.2-22"19"
100 1 _aMuñoz Seca, Pedro,
_d1881-1936
_984499
245 1 0 _aTrianerías
_b: sainete en dos actos, divididos en seis cuadros /
_coriginal de Muñoz Seca y Pérez Fernández.
260 _a[Madrid :
_bLa Novela Teatral,
_c1921]
300 _a[32] p. ;
_c20 cm.
490 1 _aLa novela teatral ;
_v252
599 _aEn cub.: Caricatura de Carlos Fernández Shaw, por Tovar.
700 1 _aPérez Fernández, Pedro.
_990862
700 0 _aTovar
_c, ilustrador.
_9157378
830 0 _aLa novela teatral ;
_v252
_9122427
852 _aES-MaACL
_j2216-F-7
999 _c124730
_d124730